000 00931nas a2200313 4500
001 BR2022000532
003 BR-BrBNA
005 20231205132252.0
007 ta
008 230509b bl.|||p| |||| 00| 00por d
040 _aBR-BrBNA
_bpor
_cBiblioteca Nacional de Agricultura
041 _a(Pt)
072 _aP06
100 1 _aPereira, N.
100 1 _aBonassa, G.
100 1 _aTeleken, J.G.
100 1 _aFrigo, E.P.
100 1 _aCelante, L.S.
100 1 _aZanão Júnior, L.A.
245 1 _aBalanço energético de biocombustíveis
650 _aSUSTENTABILIDADE
650 _aBIOENERGIA
650 _aTECNOLOGIA
650 _aEFICIÊNCIA ENERGÉTICA
773 0 _tActa Iguazu (Brazil)
_xISSN 2316-4093
_g(2016), v. 5(2) p. 84-93
_wBR2022000532
856 4 0 _uhttps://e-revista.unioeste.br/index.php/actaiguazu/article/view/15452/10440
909 _a202311
_bLúcia
_c55
_dLúcia Elande
942 _2AGRIS
_n0
_cANA
999 _c259398
_d259398